Man and society in an age of reconstruction

Shranjeno v:
Bibliografske podrobnosti
Glavni avtor: Mannheim, Karl
Format: Knjiga
Jezik:Undetermined
Izdano: London K. Paul, Trench, Trubner & company ltd. 1940
Teme:
Oznake: Označite
Brez oznak, prvi označite!
Thư viện lưu trữ: Trung tâm Học liệu Trường Đại học Cần Thơ
LEADER 00528nam a2200181Ia 4500
001 CTU_91565
008 210402s9999 xx 000 0 und d
082 |a 301 
082 |b M284 
100 |a Mannheim, Karl 
245 0 |a Man and society in an age of reconstruction 
245 0 |c Karl Mannheim 
260 |a London 
260 |b K. Paul, Trench, Trubner & company ltd. 
260 |c 1940 
650 |a Civilization,Sociology,Social psychology 
904 |i Bằng 
980 |a Trung tâm Học liệu Trường Đại học Cần Thơ